000 00441nam a2200181Ia 4500
001 15538
005 20260306170203.0
008 260306t2016||||xx |||||||||||||| ||und||
041 _aESP
082 _a542.1
_bT74
100 _aTorres Cartas, Sagrario
_eAUT
245 0 _aQuímica:
_bprácticas de laboratorio
260 _c2016
300 _aix, 170 páginas :
_c24 cm.
650 _aGEN
654 _aCCN
942 _cLIB
_dJUS
_fJUS
_2ddc
_n
999 _c15538
_d15538